Deutsch nach Französisch - Zufällig - Statistiken

Allgemein
  • Dieses Quiz wurde 2.535 mal gespielt
  • Das Durchschnittsergebnis liegt bei 8 aus 15
Antwortstatistiken
Deutsch Französisch % Korrekt
auch aussi
100%
Weiß blanc
100%
machen faire
100%
Sohn fils
100%
acht huit
100%
Dienstag mardi
100%
neun neuf
100%
nein non
100%
Nein non
100%
Ozean océan
100%
Vater père
100%
klein Petit
100%
Apfel pomme
100%
vier quatre
100%
Straße rue
100%
drei trois
100%
Stadt Ville
100%
Grün vert
94%
mit avec
93%
Ich je
93%
sprechen parler
93%
Englisch anglais
92%
Blau bleu
92%
Katze chat
92%
und et
92%
groß grand
92%
Danke Merci
92%
Brot Pain
92%
Rot rouge
92%
hundert cent
91%
Zwei deux
91%
Frankreich France
91%
ja Oui
91%
fünf cinq
90%
Tag Jour
90%
Tisch table
90%
Montag lundi
89%
Du tu / vous
89%
Wein vin
89%
Aubergine aubergine
88%
Haus maison
88%
Nacht nuit
88%
sechs six
88%
Freitag vendredi
88%
Zucker sucre
87%
Mann homme
86%
Fisch poisson
86%
König Roi
86%
gut bien
83%
Gelb jaune
83%
jung jeune
83%
Haus maison
83%
Salz sel
83%
Schweiz Suisse
83%
schön belle / beau
82%
Weiß blanc
82%
Mädchen fille
82%
Wald forêt
82%
tausend mille
82%
Samstag samedi
82%
Zug train
82%
Arbeit travail
82%
Großmutter grand-mère
81%
Butter beurre
80%
Küche cuisine
80%
zehn dix
80%
Kind enfant
80%
Frankreich France
80%
Käse fromage
80%
Großvater grand-père
80%
krank malade
80%
Deutschland Allemagne
79%
Deutsch allemand
79%
Hallo Bonjour
79%
Junge garçon
79%
Schwester sœur
79%
Kaffee café
78%
Wasser eau
78%
Woche semaine
78%
Liebe amour
77%
England Angleterre
77%
Schlüssel clé
77%
Sonntag dimanche
77%
Mutter mère
77%
Kopf tête
77%
Jahre année
75%
Geld argent
75%
Herz cœur
75%
Fußball football
75%
Bett lit
75%
Meer mer
75%
Schweiz Suisse
75%
Luft air / aérien
73%
Milch lait
73%
Buch Livre
73%
Marokko Maroc
73%
Ohne sans
73%
Zeit temps
73%
heute aujourd'hui
71%
Frau femme
71%
Mittwoch mercredi
71%
Fuß pied
71%
Österreich Autriche
70%
Gesundheit santé
70%
Abend soir
70%
Weißrussland Biélorussie
69%
Zusammen ensemble
69%
Brueder frère
69%
Welt monde
69%
West Ouest
69%
Dorf village
69%
Freund ami
67%
Armee armée
67%
Achtung attention
67%
Tschüss au revoir
67%
Boot bateau
67%
Fenster fenêtre
67%
Blume fleur
67%
Insel île
67%
Wort mot
67%
Vereinigtes Königreich Royaume-Uni
67%
Bier bière
65%
Spanien Espagne
65%
Ost Est
65%
Zimmer chambre
64%
Kind enfant
64%
Milch lait
63%
Himmel ciel
62%
gefährlich dangereux
62%
Tür porte
62%
Ananas Ananas
60%
Lärm bruit
60%
Dusche douche
60%
Fluss flux / fleuve / rivière
60%
Nacht nuit
60%
Suppe soupe
60%
Mauer mur
59%
Schüler élève
58%
Spanisch espagnol
58%
über sur
58%
Hilfe aide
57%
Getränk boisson
57%
Stuhl chaise
57%
Gott Dieu
57%
Tochter fille
57%
Berg montagne
57%
sieben sept
57%
Kuh vache
57%
Äthiopien Éthiopie
56%
Stern étoile
56%
Buchstabe lettre
56%
Mond lune
56%
Baum arbre
55%
Zahn dent
55%
Griechenland Grèce
55%
Spiel jeu
55%
Schnee neige
55%
Hut chapeau
54%
heiß chaud
54%
Grau gris
54%
Brasilien Brésil
50%
Braun brun
50%
Hund chien
50%
Wahl choix
50%
Schwein cochon / porc
50%
Körper corps
50%
kalt Froid
50%
Obst fruit
50%
Garten jardin
50%
See lac
50%
Markt marché
50%
Strand plage / rive / côte
50%
Tante tante
50%
alt vieux / vieil / ancien
50%
Ehefrau épouse / femme
47%
Bhutan Bhoutan
46%
Löwe Lion
46%
Sonne soleil
46%
Gemüse légume
45%
Maske masque
45%
Schlecht mauvais
45%
Wüste désert
44%
Volk gens / peuple / personnes
44%
Stunde heure
44%
Honig Miel
44%
Schloss Château
43%
Haar cheveux
43%
doppelt double
43%
Menschen gens / peuple / personnes
43%
Mantel manteau
43%
Schaf mouton
43%
Brücke pont
43%
Russisch russe
43%
Thunfisch thon
43%
Kartoffel pomme de terre
42%
Spinne araignée
40%
Bein jambe
40%
Vogel oiseau
40%
Flugzeug avion
38%
Flasche bouteille
38%
Donnerstag jeudi
38%
Haut peau
38%
Schüler / Student étudiant
37%
Dschungel jungle
37%
Südafrika Afrique du Sud
36%
Ecuador Équateur
36%
Ehemann mari / époux
36%
Schweden Suède
36%
Spieler joueur
35%
Mund bouche
33%
Pilz champignon
33%
Küste côte
33%
Gesicht face
33%
Griechisch grec
33%
Brille lunettes
33%
Nase nez
33%
Zwiebel oignon
33%
Tee thé
33%
Vereinigte Staatren États-Unis
31%
Finnisch finlandais / finnois
30%
Island Islande
30%
Pferd cheval
29%
Geist esprit
29%
Uhr montre
29%
Auge œil
29%
Sauerstoff oxygène
29%
Schlange serpent
29%
Morgen matin
27%
Arzt médecin
27%
Königin Reine
27%
Flughafen aéroport
25%
Österreich Autriche
25%
Chile Chili
25%
Ägypten Egypte
25%
Estland Estonie
25%
Ungarn Hongrie
25%
Schmerz douleur
23%
Schottland Écosse
23%
Geist esprit
23%
gestern hier
23%
Regen pluie
23%
Sudan Soudan
23%
Maus souris
23%
Feind ennemi
22%
Blitz foudre
22%
Wassermelone melon d'eau / pastèque
22%
Ägypten Égypte
21%
Bohne haricot
21%
Litauen Lituanie
21%
Papst Pape
21%
Flug vol
21%
Möhre carotte
20%
Magen estomac
20%
Handschuh gant
20%
Kaninchen lapin
20%
Schwimmen natation
20%
lächeln sourire
20%
Tal vallée
20%
Joghurt yaourt
20%
Südkorea Corée du Sud
18%
Donner tonnerre
18%
Kinn menton
17%
halb moitié
17%
Silber argent
14%
Leber foie
14%
Bart barbe
13%
Schuh chaussure
13%
Hals cou
13%
Äthiopien Ethiopie
13%
Lauch poireau
13%
Tintenfisch poulpe
13%
Wurst saucisse
13%
Wal baleine
12%
Schild bouclier
12%
Milliarde milliard
11%
Nordkorea Corée du Nord
10%
Ostsee mer Baltique
10%
Ohr oreille
10%
Grenz frontière
9%
böse mauvais / colère
9%
Rabe corbeau
8%
Schuld culpabilité
8%
Lettland Lettonie
8%
Pflanze plante
8%
Südsudan Soudan du Sud
8%
verboten interdite
7%
Schwan cygne
6%
Qualle méduse
6%
Knoblauch ail
0%
Bucht baie
0%
Bad baignoire
0%
Glück bonheur
0%
Brauerei Brasserie
0%
Kohl chou
0%
Nagel clou
0%
Koch cuisinier
0%
Tod décès / trépas
0%
Krankenschwester infirmière
0%
Pinguin manchot
0%
Werkzeug outil / instrument
0%
Pfau paon
0%
Bitte plaire
0%
Polen Pologne
0%
Priester prêtre
0%
Tschechien République tchèque
0%
Hai Requin
0%
Traum rêver
0%
Bach ruisseau
0%
Tanne sapin
0%
Viertel trimestre
0%
Keine übereinstimmenden Quizze gefunden
Verteilung der Resultate
Anzahl Personen mit jedem Resultat
Perzentil nach korrekt beantworteten Fragen
Ihre Resultats-Entwicklung
Sie haben dieses Quiz noch nicht gespielt